|
|
|
|
| LEADER |
00738nab#a2200301#ar4500 |
| 001 |
000031313 |
| 003 |
SVKKK |
| 005 |
00000000000000.0 |
| 008 |
c xo e sloo |
| FMT |
|
|
|
| 038 |
|
|
|a SVKKK
|
| 040 |
|
|
|a SVKKK
|b slo
|e AACR2
|
| 041 |
0 |
|
|a slo
|
| 044 |
|
|
|a xo
|c SK
|
| 080 |
|
|
|a 885.4-
|2 1981
|
| 100 |
1 |
|
|a Chuda, Michal
|4 aut
|
| 245 |
1 |
0 |
|a Poludňajší zvon
|c Chuda Michal,
|
| 600 |
1 |
4 |
|a Chuda, Michal,
|d ?,
|x spisovateľ náboženský
|x Papín
|x rodák
|
| 650 |
0 |
4 |
|a literatúra slovenská
|x texty
|
| 650 |
0 |
4 |
|a poviedky
|
| 773 |
0 |
|
|t Rodinné spoločenstvo
|g , č. 5(1999), s. 19
|
| 957 |
|
|
|a Papín
|
| 958 |
|
|
|a HE
|
| 974 |
|
|
|d 990614
|a SAB
|
| 992 |
|
|
|a RBX
|
| BAS |
|
|
|
| 852 |
|
|
|a SVKKK
|b BIB
|
| 998 |
|
|
|a REG
|